| 000 | 00637cam a22002171 4500 | ||
|---|---|---|---|
| 001 | ne 66000688 | ||
| 003 | DLC | ||
| 005 | 20260227111822.0 | ||
| 008 | 840113s1964 le 000 0 arar | ||
| 010 | _ane 66000688 | ||
| 035 | _a(OCoLC)10297121 | ||
| 040 |
_aDLC _cTxU _dTxU _dDLC |
||
| 042 | _apremarc | ||
| 050 | 0 | 0 |
_aLA2303 _b.K5 |
| 100 | 1 | _aKhūrī, Anṭwān M. | |
| 245 | 1 | 0 |
_aAʻlām al-tarbiyah, _bḥayātuhum, āthāruhum _c[taʼlīf] Anṭwān M. al-Khūrī. |
| 260 |
_a[Bayrūt, _bDār al-Kitāb al-Lubnānī, _c1964] |
||
| 300 |
_a235 p. : _bports. ; _c24 cm. |
||
| 504 | _aBibliography: p. [231] | ||
| 650 | 0 | _aEducators. | |
| 999 |
_c48789 _d48789 |
||